| 000 | 00618nam a2200205 a 4500 | ||
|---|---|---|---|
| 005 | 20240702063757.0 | ||
| 008 | 991125s1996 mx 000 0 spa u | ||
| 020 | _a9701821033 | ||
| 035 | _aUPN01000006515 | ||
| 049 | _aI | ||
| 050 | 4 |
_aMT930 _bC3.6 1996 |
|
| 245 | 0 | 0 | _aCantemos juntos. |
| 250 | _a2a ed. | ||
| 260 |
_aMéxico : _bCNCA : _bConjunto Cultural Ollin Yoliztli, _c1996. |
||
| 300 |
_a141 p. : _bil. + _e4 audiocasetes |
||
| 650 | 4 |
_aCANTO - _xESTUDIO Y ENSEÑANZA _96080 |
|
| 650 | 4 |
_aMúsica _xEstudio y enseñanza _9174 |
|
| 650 | 4 |
_aMUSICA - _xINTERPRETACION (FRASEO, DINAMICA, ETC.) |
|
| 905 | _aInfantil | ||
| 999 |
_c6515 _d6515 |
||